[Event "Rapid Tournament (RAP)"]
[Site "Biel, CH"]
[Date "2025.07.13"]
[Round "3"]
[White "Federer, Colin"]
[Black "Vincenti, Leonardo"]
[Result "1/2-1/2"]
[Board "9"]
[WhiteFideId "1345117"]
[BlackFideId "28550820"]
[WhiteTitle "FM"]
[BlackTitle "CM"]
[WhiteElo "2055"]
[BlackElo "2283"]
[WhiteTeam "SUI"]
[BlackTeam "ITA"]
[WhiteClock "0:01:37"]
[BlackClock "0:02:45"]
[Variant "Standard"]

1. e4 {[%clk 0:15:08]}  e6 {[%clk 0:15:09]} 2. d4 {[%clk 0:15:11]}  d5 {[%clk 0:15:14]} 3. Nc3 {[%clk 0:15:15]}  Nf6 {[%clk 0:15:17]} 4. Bg5 {[%clk 0:15:14]}  dxe4 {[%clk 0:15:21]} 5. Nxe4 {[%clk 0:15:17]}  Be7 {[%clk 0:15:22]} 6. Bxf6 {[%clk 0:15:19]}  gxf6 {[%clk 0:15:26]} 7. Nf3 {[%clk 0:15:22]}  f5 {[%clk 0:15:29]} 8. Nc3 {[%clk 0:15:26]}  b6 {[%clk 0:15:31]} 9. g3 {[%clk 0:15:21]}  Bb7 {[%clk 0:15:35]} 10. Bg2 {[%clk 0:15:29]}  Nd7 {[%clk 0:15:33]} 11. Qe2 {[%clk 0:15:26]}  Nf6 {[%clk 0:15:36]} 12. O-O-O {[%clk 0:15:21]}  Nd5 {[%clk 0:13:32]} 13. Nxd5 {[%clk 0:14:48]}  Bxd5 {[%clk 0:13:34]} 14. Kb1 {[%clk 0:14:09]}  Qd6 {[%clk 0:13:25]} 15. Ne1 {[%clk 0:13:30]}  O-O-O {[%clk 0:13:10]} 16. c3 {[%clk 0:11:47]}  f4 {[%clk 0:11:55]} 17. Bxd5 {[%clk 0:12:59]}  Qxd5 {[%clk 0:11:59]} 18. Nd3 {[%clk 0:12:59]}  fxg3 {[%clk 0:10:50]} 19. hxg3 {[%clk 0:13:00]}  Bd6 {[%clk 0:09:23]} 20. Rh5 {[%clk 0:12:15]}  Qc4 {[%clk 0:07:45]} 21. Rdh1 {[%clk 0:10:56]}  c5 {[%clk 0:05:16]} 22. Qf3 {[%clk 0:08:18]}  cxd4 {[%clk 0:03:03]} 23. cxd4 {[%clk 0:08:18]}  Kb8 {[%clk 0:03:00]} 24. Rxh7 {[%clk 0:07:14]}  Rxh7 {[%clk 0:02:51]} 25. Rxh7 {[%clk 0:07:17]}  Qxd4 {[%clk 0:02:52]} 26. Rxf7 {[%clk 0:07:04]}  Bc7 {[%clk 0:02:37]} 27. Nc1 {[%clk 0:06:47]}  Qc5 {[%clk 0:02:13]} 28. Nb3 {[%clk 0:05:43]}  Qb4 {[%clk 0:01:07]} 29. a3 {[%clk 0:04:54]}  Qd6 {[%clk 0:00:48]} 30. Ka2 {[%clk 0:03:59]}  a5 {[%clk 0:00:51]} 31. Qe4 {[%clk 0:03:49]}  e5 {[%clk 0:00:27]} 32. Rg7 {[%clk 0:02:25]}  Qe6 {[%clk 0:00:13]} 33. Rg6 {[%clk 0:02:19]}  Qf7 {[%clk 0:00:18]} 34. Rc6 {[%clk 0:00:58]}  Rd4 {[%clk 0:00:11]} 35. Qg6 {[%clk 0:01:09]}  Qd5 {[%clk 0:00:09]} 36. Qe6 {[%clk 0:00:43]}  a4 {[%clk 0:00:07]} 37. Qxd5 {[%clk 0:00:47]}  Rxd5 {[%clk 0:00:11]} 38. Nc1 {[%clk 0:00:48]}  Rd2 {[%clk 0:00:14]} 39. Rc4 {[%clk 0:00:35]}  Rxf2 {[%clk 0:00:13]} 40. Rxa4 {[%clk 0:00:35]}  Rg2 {[%clk 0:00:11]} 41. g4 {[%clk 0:00:32]}  Kb7 {[%clk 0:00:15]} 42. Kb3 {[%clk 0:00:19]}  Kc6 {[%clk 0:00:19]} 43. Rc4+ {[%clk 0:00:16]}  Kd7 {[%clk 0:00:19]} 44. Kc3 {[%clk 0:00:10]}  Bd6 {[%clk 0:00:14]} 45. Nd3 {[%clk 0:00:07]}  Ke6 {[%clk 0:00:12]} 46. a4 {[%clk 0:00:11]}  Kd5 {[%clk 0:00:13]} 47. Nb4+ {[%clk 0:00:08]}  Ke6 {[%clk 0:00:17]} 48. Nd3 {[%clk 0:00:09]}  Kd5 {[%clk 0:00:21]} 49. Nb4+ {[%clk 0:00:13]}  Ke6 {[%clk 0:00:25]} 50. Rc6 {[%clk 0:00:13]}  e4 {[%clk 0:00:15]} 51. Nc2 {[%clk 0:00:11]}  Rxg4 {[%clk 0:00:11]} 52. Rxb6 {[%clk 0:00:12]}  Ke5 {[%clk 0:00:13]} 53. a5 {[%clk 0:00:08]}  Rg3+ {[%clk 0:00:13]} 54. Kd2 {[%clk 0:00:11]}  Rg2+ {[%clk 0:00:13]} 55. Kc3 {[%clk 0:00:12]}  Bc5 {[%clk 0:00:15]} 56. Rb5 {[%clk 0:00:13]}  Kd6 {[%clk 0:00:19]} 57. b4 {[%clk 0:00:14]}  Rg3+ {[%clk 0:00:19]} 58. Kc4 {[%clk 0:00:15]}  Bf2 {[%clk 0:00:22]} 59. Rb6+ {[%clk 0:00:15]}  Bxb6 {[%clk 0:00:25]} 60. axb6 {[%clk 0:00:19]}  Rd3 {[%clk 0:00:14]} 61. b5 {[%clk 0:00:14]}  Rd2 {[%clk 0:00:14]} 62. Ne3 {[%clk 0:00:14]}  Rb2 {[%clk 0:00:12]} 63. Kd4 {[%clk 0:00:09]}  Rxb5 {[%clk 0:00:11]} 64. Kxe4 {[%clk 0:00:12]}  Kc6 {[%clk 0:00:14]} 65. Kd4 {[%clk 0:00:15]}  Rxb6 {[%clk 0:00:18]} 66. Nc4 {[%clk 0:00:17]}  Rb4 {[%clk 0:00:22]} 67. Kc3 {[%clk 0:00:21]}  Kc5 {[%clk 0:00:27]} 68. Nd2 {[%clk 0:00:25]}  Rh4 {[%clk 0:00:30]} 69. Nb3+ {[%clk 0:00:28]}  Kd5 {[%clk 0:00:34]} 70. Nd2 {[%clk 0:00:30]}  Rh3+ {[%clk 0:00:38]} 71. Kc2 {[%clk 0:00:34]}  Kd4 {[%clk 0:00:41]} 72. Nb3+ {[%clk 0:00:38]}  Kc4 {[%clk 0:00:45]} 73. Nd2+ {[%clk 0:00:41]}  Kb4 {[%clk 0:00:49]} 74. Ne4 {[%clk 0:00:40]}  Re3 {[%clk 0:00:53]} 75. Nd2 {[%clk 0:00:42]}  Rg3 {[%clk 0:00:51]} 76. Ne4 {[%clk 0:00:42]}  Rh3 {[%clk 0:00:56]} 77. Nd2 {[%clk 0:00:45]}  Re3 {[%clk 0:01:00]} 78. Kb2 {[%clk 0:00:45]}  Rc3 {[%clk 0:01:00]} 79. Nb1 {[%clk 0:00:44]}  Rd3 {[%clk 0:00:53]} 80. Kc2 {[%clk 0:00:47]}  Rd7 {[%clk 0:00:54]} 81. Nd2 {[%clk 0:00:48]}  Rd4 {[%clk 0:00:57]} 82. Nf3 {[%clk 0:00:45]}  Rf4 {[%clk 0:01:01]} 83. Nd2 {[%clk 0:00:49]}  Rd4 {[%clk 0:01:00]} 84. Nf3 {[%clk 0:00:51]}  Rd5 {[%clk 0:01:04]} 85. Nd2 {[%clk 0:00:53]}  Kc5 {[%clk 0:01:03]} 86. Kc3 {[%clk 0:00:50]}  Rh5 {[%clk 0:01:07]} 87. Ne4+ {[%clk 0:00:53]}  Kc6 {[%clk 0:01:09]} 88. Kd4 {[%clk 0:00:57]}  Rh4 {[%clk 0:01:13]} 89. Ke5 {[%clk 0:01:00]}  Kd7 {[%clk 0:01:17]} 90. Kd5 {[%clk 0:01:03]}  Rh5+ {[%clk 0:01:21]} 91. Kd4 {[%clk 0:01:07]}  Ke6 {[%clk 0:01:25]} 92. Nc5+ {[%clk 0:01:03]}  Kd6 {[%clk 0:01:28]} 93. Ne4+ {[%clk 0:01:13]}  Kc6 {[%clk 0:01:33]} 94. Nf6 {[%clk 0:01:11]}  Rg5 {[%clk 0:01:36]} 95. Ne4 {[%clk 0:01:13]}  Rf5 {[%clk 0:01:41]} 96. Kc4 {[%clk 0:01:14]}  Rd5 {[%clk 0:01:45]} 97. Nc3 {[%clk 0:01:16]}  Rd2 {[%clk 0:01:49]} 98. Ne4 {[%clk 0:01:17]}  Re2 {[%clk 0:01:52]} 99. Nc3 {[%clk 0:01:20]}  Re5 {[%clk 0:01:56]} 100. Kd4 {[%clk 0:01:24]}  Kd6 {[%clk 0:02:01]} 101. Ne4+ {[%clk 0:01:26]}  Ke6 {[%clk 0:02:05]} 102. Nc5+ {[%clk 0:01:27]}  Kf5 {[%clk 0:02:09]} 103. Nd3 {[%clk 0:01:28]}  Ra5 {[%clk 0:02:14]} 104. Nc5 {[%clk 0:01:29]}  Kf4 {[%clk 0:02:14]} 105. Ne6 {[%clk 0:01:28]}  Kf3 {[%clk 0:02:18]} 106. Nc5 {[%clk 0:01:29]}  Ra1 {[%clk 0:02:18]} 107. Nd3 {[%clk 0:01:32]}  Rd1 {[%clk 0:02:22]} 108. Kc4 {[%clk 0:01:27]}  Ke3 {[%clk 0:02:26]} 109. Nc5 {[%clk 0:01:30]}  Rd4+ {[%clk 0:02:28]} 110. Kc3 {[%clk 0:01:30]}  Rd6 {[%clk 0:02:29]} 111. Kc4 {[%clk 0:01:32]}  Rd8 {[%clk 0:02:32]} 112. Ne6 {[%clk 0:01:32]}  Rd7 {[%clk 0:02:35]} 113. Nc5 {[%clk 0:01:36]}  Rd6 {[%clk 0:02:39]} 114. Kc3 {[%clk 0:01:37]}  Rd4 {[%clk 0:02:43]} 115. Nb3 {[%clk 0:01:41]}  Rc4+ {[%clk 0:02:45]} 116. Kxc4 {[%clk 0:01:37]} 1/2-1/2

[Event "Rapid Tournament (RAP)"]
[Site "Biel, CH"]
[Date "2025.07.13"]
[Round "3"]
[White "Banh Gia Huy"]
[Black "Schweizer, Samuel"]
[Result "1-0"]
[Board "10"]
[WhiteFideId "12424714"]
[BlackFideId "1325353"]
[WhiteTitle "IM"]
[WhiteElo "2261"]
[BlackElo "2061"]
[WhiteTeam "VIE"]
[BlackTeam "JPN"]
[WhiteClock "0:00:19"]
[BlackClock "0:05:09"]
[Variant "Standard"]

1. e4 {[%clk 0:15:09]}  a6 {[%clk 0:15:04]} 2. d4 {[%clk 0:15:10]}  e6 {[%clk 0:15:06]} 3. Nf3 {[%clk 0:14:43]}  d6 {[%clk 0:15:04]} 4. c4 {[%clk 0:14:42]}  h6 {[%clk 0:15:05]} 5. Nc3 {[%clk 0:14:45]}  g6 {[%clk 0:14:51]} 6. Be3 {[%clk 0:14:27]}  Bg7 {[%clk 0:14:53]} 7. g3 {[%clk 0:14:21]}  Nf6 {[%clk 0:14:46]} 8. Bg2 {[%clk 0:14:18]}  Nbd7 {[%clk 0:14:34]} 9. h3 {[%clk 0:14:14]}  O-O {[%clk 0:13:31]} 10. O-O {[%clk 0:14:01]}  Kh7 {[%clk 0:13:33]} 11. Nd2 {[%clk 0:13:07]}  c5 {[%clk 0:13:30]} 12. d5 {[%clk 0:11:41]}  exd5 {[%clk 0:13:26]} 13. cxd5 {[%clk 0:11:21]}  b5 {[%clk 0:13:19]} 14. f4 {[%clk 0:10:49]}  Qe7 {[%clk 0:13:20]} 15. e5 {[%clk 0:10:05]}  Ne8 {[%clk 0:12:52]} 16. Re1 {[%clk 0:09:30]}  Bb7 {[%clk 0:12:32]} 17. exd6 {[%clk 0:07:57]}  Qxd6 {[%clk 0:12:19]} 18. Nde4 {[%clk 0:07:34]}  Qb6 {[%clk 0:11:43]} 19. b4 {[%clk 0:06:48]}  Bd4 {[%clk 0:11:41]} 20. bxc5 {[%clk 0:06:14]}  Bxe3+ {[%clk 0:11:42]} 21. Rxe3 {[%clk 0:06:17]}  Nxc5 {[%clk 0:11:40]} 22. Qd4 {[%clk 0:06:07]}  Na4 {[%clk 0:11:40]} 23. Rd1 {[%clk 0:04:49]}  Rd8 {[%clk 0:09:37]} 24. Nxa4 {[%clk 0:04:34]}  Qxd4 {[%clk 0:09:31]} 25. Rxd4 {[%clk 0:04:38]}  bxa4 {[%clk 0:09:36]} 26. Nc5 {[%clk 0:04:04]}  Bc8 {[%clk 0:09:16]} 27. Rxa4 {[%clk 0:03:50]}  Nf6 {[%clk 0:09:02]} 28. Rd4 {[%clk 0:03:43]}  Rd6 {[%clk 0:08:50]} 29. Re7 {[%clk 0:03:07]}  Kg7 {[%clk 0:08:44]} 30. Rc7 {[%clk 0:02:56]}  Rfd8 {[%clk 0:08:36]} 31. g4 {[%clk 0:02:58]}  g5 {[%clk 0:08:03]} 32. fxg5 {[%clk 0:02:56]}  hxg5 {[%clk 0:08:07]} 33. Rd3 {[%clk 0:02:41]}  a5 {[%clk 0:07:50]} 34. Rc6 {[%clk 0:02:36]}  Kf8 {[%clk 0:07:16]} 35. Kf2 {[%clk 0:01:49]}  Ke7 {[%clk 0:06:50]} 36. Re3+ {[%clk 0:02:18]}  Kf8 {[%clk 0:06:54]} 37. Rxd6 {[%clk 0:01:22]}  Rxd6 {[%clk 0:06:54]} 38. Re5 {[%clk 0:01:11]}  Bxg4 {[%clk 0:06:30]} 39. Rxg5 {[%clk 0:01:14]}  Bd1 {[%clk 0:06:29]} 40. Ke3 {[%clk 0:01:07]}  Bc2 {[%clk 0:06:20]} 41. Kd4 {[%clk 0:01:05]}  Bb1 {[%clk 0:05:46]} 42. a3 {[%clk 0:00:47]}  Ke7 {[%clk 0:05:46]} 43. Re5+ {[%clk 0:00:47]}  Kf8 {[%clk 0:05:49]} 44. Re2 {[%clk 0:00:38]}  Bg6 {[%clk 0:05:50]} 45. Rb2 {[%clk 0:00:38]}  Nh5 {[%clk 0:05:41]} 46. Ke5 {[%clk 0:00:21]}  Rd8 {[%clk 0:05:41]} 47. Bf3 {[%clk 0:00:08]}  f6+ {[%clk 0:05:41]} 48. Kd4 {[%clk 0:00:12]}  Ng7 {[%clk 0:05:35]} 49. Rb6 {[%clk 0:00:14]}  Ke7 {[%clk 0:05:36]} 50. Rb7+ {[%clk 0:00:16]}  Kf8 {[%clk 0:05:40]} 51. Be4 {[%clk 0:00:13]}  Bf7 {[%clk 0:05:37]} 52. Nd7+ {[%clk 0:00:16]}  Ke7 {[%clk 0:05:39]} 53. Ne5+ {[%clk 0:00:19]}  Kf8 {[%clk 0:05:07]} 54. Nxf7 {[%clk 0:00:15]}  Ne6+ {[%clk 0:05:09]} 55. Ke3 {[%clk 0:00:19]} 1-0

[Event "Rapid Tournament (RAP)"]
[Site "Biel, CH"]
[Date "2025.07.13"]
[Round "3"]
[White "Vilaseca, Laurent"]
[Black "Gireada, Daniel"]
[Result "1-0"]
[Board "11"]
[WhiteFideId "1310240"]
[BlackFideId "1206451"]
[WhiteElo "2044"]
[BlackElo "2255"]
[WhiteTeam "SUI"]
[BlackTeam "ROU"]
[WhiteClock "0:06:59"]
[BlackClock "0:02:20"]
[Variant "Standard"]

1. d4 {[%clk 0:15:07]}  Nf6 {[%clk 0:15:04]} 2. Nf3 {[%clk 0:15:10]}  d5 {[%clk 0:15:03]} 3. e3 {[%clk 0:15:12]}  e6 {[%clk 0:15:01]} 4. Bd3 {[%clk 0:15:14]}  c5 {[%clk 0:15:02]} 5. b3 {[%clk 0:15:14]}  Nc6 {[%clk 0:15:01]} 6. O-O {[%clk 0:15:17]}  Bd6 {[%clk 0:14:41]} 7. Bb2 {[%clk 0:15:19]}  O-O {[%clk 0:14:21]} 8. a3 {[%clk 0:15:22]}  b6 {[%clk 0:14:23]} 9. Nbd2 {[%clk 0:15:25]}  Bb7 {[%clk 0:14:26]} 10. Qe2 {[%clk 0:15:21]}  Re8 {[%clk 0:14:01]} 11. dxc5 {[%clk 0:14:15]}  bxc5 {[%clk 0:13:51]} 12. e4 {[%clk 0:14:08]}  e5 {[%clk 0:11:42]} 13. exd5 {[%clk 0:14:03]}  Nd4 {[%clk 0:11:40]} 14. Qd1 {[%clk 0:13:28]}  e4 {[%clk 0:11:15]} 15. Nxd4 {[%clk 0:13:25]}  cxd4 {[%clk 0:11:00]} 16. Bb5 {[%clk 0:13:18]}  Re5 {[%clk 0:10:35]} 17. Nc4 {[%clk 0:11:04]}  Rxd5 {[%clk 0:10:12]} 18. Nxd6 {[%clk 0:11:07]}  Qxd6 {[%clk 0:09:46]} 19. Bc4 {[%clk 0:11:11]}  Rh5 {[%clk 0:09:06]} 20. h3 {[%clk 0:11:14]}  Rd8 {[%clk 0:08:00]} 21. Re1 {[%clk 0:09:48]}  Qf4 {[%clk 0:05:46]} 22. Bxd4 {[%clk 0:08:28]}  Nd5 {[%clk 0:02:50]} 23. Qxh5 {[%clk 0:07:56]}  e3 {[%clk 0:02:37]} 24. fxe3 {[%clk 0:07:23]}  Qe4 {[%clk 0:02:20]} 25. Qg4 {[%clk 0:06:59]} 1-0

[Event "Rapid Tournament (RAP)"]
[Site "Biel, CH"]
[Date "2025.07.13"]
[Round "3"]
[White "Maier, Christian"]
[Black "Hornung, Hans, Dr."]
[Result "1-0"]
[Board "12"]
[WhiteFideId "4601955"]
[BlackFideId "4615140"]
[WhiteTitle "IM"]
[WhiteElo "2250"]
[BlackElo "2052"]
[WhiteTeam "GER"]
[BlackTeam "GER"]
[WhiteClock "0:03:10"]
[BlackClock "0:00:11"]
[Variant "Standard"]

1. e4 {[%clk 0:15:07]}  e5 {[%clk 0:15:05]} 2. Nf3 {[%clk 0:15:10]}  Nc6 {[%clk 0:15:08]} 3. Bb5 {[%clk 0:15:13]}  a6 {[%clk 0:15:11]} 4. Ba4 {[%clk 0:15:17]}  Nf6 {[%clk 0:15:14]} 5. d3 {[%clk 0:15:20]}  d6 {[%clk 0:15:13]} 6. c3 {[%clk 0:15:19]}  g6 {[%clk 0:15:08]} 7. O-O {[%clk 0:15:07]}  Bg7 {[%clk 0:15:11]} 8. Re1 {[%clk 0:15:03]}  O-O {[%clk 0:14:46]} 9. h3 {[%clk 0:14:51]}  h6 {[%clk 0:13:55]} 10. d4 {[%clk 0:14:48]}  Nh5 {[%clk 0:12:26]} 11. Bxc6 {[%clk 0:14:49]}  bxc6 {[%clk 0:12:29]} 12. dxe5 {[%clk 0:14:53]}  dxe5 {[%clk 0:12:31]} 13. Qxd8 {[%clk 0:14:56]}  Rxd8 {[%clk 0:12:35]} 14. Be3 {[%clk 0:14:57]}  Nf4 {[%clk 0:11:20]} 15. b3 {[%clk 0:12:34]}  Be6 {[%clk 0:11:24]} 16. c4 {[%clk 0:12:32]}  Rd3 {[%clk 0:11:07]} 17. Nbd2 {[%clk 0:11:24]}  a5 {[%clk 0:10:25]} 18. h4 {[%clk 0:11:17]}  a4 {[%clk 0:10:06]} 19. g3 {[%clk 0:11:20]}  Nh5 {[%clk 0:10:02]} 20. Rab1 {[%clk 0:09:23]}  f5 {[%clk 0:05:45]} 21. Kg2 {[%clk 0:06:43]}  f4 {[%clk 0:07:47]} 22. Bc5 {[%clk 0:06:38]}  Bg4 {[%clk 0:05:25]} 23. Rb2 {[%clk 0:06:23]}  axb3 {[%clk 0:03:34]} 24. Rxb3 {[%clk 0:05:28]}  Rd7 {[%clk 0:04:17]} 25. Ra1 {[%clk 0:04:29]}  g5 {[%clk 0:03:08]} 26. hxg5 {[%clk 0:03:48]}  hxg5 {[%clk 0:03:09]} 27. a4 {[%clk 0:03:49]}  Bxf3+ {[%clk 0:02:31]} 28. Nxf3 {[%clk 0:03:52]}  g4 {[%clk 0:02:33]} 29. Nh4 {[%clk 0:03:52]}  Rd2 {[%clk 0:01:54]} 30. Kg1 {[%clk 0:03:11]}  Bf8 {[%clk 0:00:27]} 31. Bxf8 {[%clk 0:03:05]}  Rxf8 {[%clk 0:00:27]} 32. a5 {[%clk 0:03:09]}  fxg3 {[%clk 0:00:30]} 33. fxg3 {[%clk 0:03:13]}  Rff2 {[%clk 0:00:08]} 34. a6 {[%clk 0:03:15]}  Nf4 {[%clk 0:00:11]} 35. gxf4 {[%clk 0:03:10]} 1-0

[Event "Rapid Tournament (RAP)"]
[Site "Biel, CH"]
[Date "2025.07.13"]
[Round "3"]
[White "Pinchetti, Andrea"]
[Black "Chen, Yuan"]
[Result "1/2-1/2"]
[Board "13"]
[WhiteFideId "1313800"]
[BlackFideId "8618860"]
[WhiteElo "2026"]
[BlackElo "2248"]
[WhiteTeam "SUI"]
[BlackTeam "CHN"]
[WhiteClock "0:00:47"]
[BlackClock "0:00:11"]
[Variant "Standard"]

1. f4 {[%clk 0:15:08]}  c5 {[%clk 0:14:14]} 2. Nf3 {[%clk 0:15:07]}  Nc6 {[%clk 0:14:18]} 3. e3 {[%clk 0:15:06]}  g6 {[%clk 0:14:17]} 4. Be2 {[%clk 0:14:59]}  Bg7 {[%clk 0:14:20]} 5. O-O {[%clk 0:15:02]}  Nf6 {[%clk 0:14:00]} 6. d3 {[%clk 0:14:51]}  d5 {[%clk 0:13:54]} 7. c3 {[%clk 0:14:13]}  O-O {[%clk 0:13:50]} 8. Qc2 {[%clk 0:14:10]}  d4 {[%clk 0:13:23]} 9. e4 {[%clk 0:13:53]}  e5 {[%clk 0:13:26]} 10. a4 {[%clk 0:13:05]}  Ng4 {[%clk 0:12:07]} 11. Na3 {[%clk 0:10:15]}  exf4 {[%clk 0:11:26]} 12. Bxf4 {[%clk 0:10:34]}  Nce5 {[%clk 0:09:19]} 13. Qd2 {[%clk 0:09:54]}  Bd7 {[%clk 0:08:12]} 14. h3 {[%clk 0:07:30]}  Nxf3+ {[%clk 0:10:14]} 15. Bxf3 {[%clk 0:07:32]}  Ne5 {[%clk 0:10:08]} 16. Bxe5 {[%clk 0:06:28]}  Bxe5 {[%clk 0:10:05]} 17. Nc4 {[%clk 0:06:32]}  Bg7 {[%clk 0:10:10]} 18. e5 {[%clk 0:06:18]}  Rb8 {[%clk 0:09:54]} 19. Rfe1 {[%clk 0:06:13]}  b6 {[%clk 0:07:34]} 20. cxd4 {[%clk 0:05:58]}  Be6 {[%clk 0:07:08]} 21. Qf2 {[%clk 0:04:45]}  cxd4 {[%clk 0:06:39]} 22. b3 {[%clk 0:04:35]}  Qg5 {[%clk 0:05:23]} 23. h4 {[%clk 0:04:16]}  Qd8 {[%clk 0:05:00]} 24. Qg3 {[%clk 0:03:33]}  Qe7 {[%clk 0:04:30]} 25. h5 {[%clk 0:03:06]}  Qb4 {[%clk 0:04:16]} 26. Rab1 {[%clk 0:02:54]}  Rbd8 {[%clk 0:03:33]} 27. Qh4 {[%clk 0:02:32]}  Bf5 {[%clk 0:02:59]} 28. Be4 {[%clk 0:02:29]}  Bxe4 {[%clk 0:03:02]} 29. Qxe4 {[%clk 0:02:17]}  Rfe8 {[%clk 0:02:48]} 30. Qh4 {[%clk 0:01:58]}  Qe7 {[%clk 0:02:28]} 31. Qxe7 {[%clk 0:01:52]}  Rxe7 {[%clk 0:02:32]} 32. hxg6 {[%clk 0:01:53]}  hxg6 {[%clk 0:02:35]} 33. Re4 {[%clk 0:01:56]}  Rd5 {[%clk 0:02:39]} 34. Rbe1 {[%clk 0:01:56]}  Re6 {[%clk 0:02:43]} 35. g4 {[%clk 0:01:40]}  a6 {[%clk 0:02:41]} 36. Kg2 {[%clk 0:01:19]}  b5 {[%clk 0:02:38]} 37. axb5 {[%clk 0:01:23]}  axb5 {[%clk 0:02:40]} 38. Nd2 {[%clk 0:01:18]}  Rexe5 {[%clk 0:02:36]} 39. Nf3 {[%clk 0:01:10]}  Rxe4 {[%clk 0:02:35]} 40. Rxe4 {[%clk 0:01:11]}  Kf8 {[%clk 0:02:23]} 41. Kf2 {[%clk 0:00:59]}  f5 {[%clk 0:01:20]} 42. gxf5 {[%clk 0:01:10]}  Rxf5 {[%clk 0:01:24]} 43. Kg3 {[%clk 0:01:08]}  Rd5 {[%clk 0:01:28]} 44. Kg4 {[%clk 0:00:55]}  Bf6 {[%clk 0:01:30]} 45. Re6 {[%clk 0:00:55]}  Kf7 {[%clk 0:01:33]} 46. Rc6 {[%clk 0:00:59]}  Be7 {[%clk 0:01:13]} 47. Kf4 {[%clk 0:00:44]}  Bf6 {[%clk 0:01:04]} 48. Ke4 {[%clk 0:00:56]}  Rd7 {[%clk 0:00:50]} 49. Ne5+ {[%clk 0:00:35]}  Bxe5 {[%clk 0:00:53]} 50. Kxe5 {[%clk 0:00:39]}  g5 {[%clk 0:00:49]} 51. Kf5 {[%clk 0:00:40]}  Rd5+ {[%clk 0:00:51]} 52. Kg4 {[%clk 0:00:44]}  Kg7 {[%clk 0:00:16]} 53. Rc7+ {[%clk 0:00:44]}  Kg6 {[%clk 0:00:20]} 54. Rc6+ {[%clk 0:00:48]}  Kf7 {[%clk 0:00:24]} 55. b4 {[%clk 0:00:50]}  Kg7 {[%clk 0:00:09]} 56. Rc7+ {[%clk 0:00:48]}  Kf6 {[%clk 0:00:13]} 57. Rc6+ {[%clk 0:00:51]}  Kf7 {[%clk 0:00:17]} 58. Rb6 {[%clk 0:00:50]}  Ke7 {[%clk 0:00:12]} 59. Rg6 {[%clk 0:00:46]}  Re5 {[%clk 0:00:17]} 60. Rxg5 {[%clk 0:00:44]}  Re3 {[%clk 0:00:21]} 61. Rxb5 {[%clk 0:00:47]}  Kd6 {[%clk 0:00:25]} 62. Kf4 {[%clk 0:00:44]}  Rxd3 {[%clk 0:00:16]} 63. Ke4 {[%clk 0:00:48]}  Rd1 {[%clk 0:00:15]} 64. Rd5+ {[%clk 0:00:49]}  Kc6 {[%clk 0:00:11]} 65. Rxd4 {[%clk 0:00:47]} 1/2-1/2

[Event "Rapid Tournament (RAP)"]
[Site "Biel, CH"]
[Date "2025.07.13"]
[Round "3"]
[White "Rohrer, Christophe"]
[Black "Chen, Zhi"]
[Result "1-0"]
[Board "14"]
[WhiteFideId "1326546"]
[BlackFideId "8619549"]
[WhiteTitle "FM"]
[WhiteElo "2201"]
[BlackElo "2027"]
[WhiteTeam "SUI"]
[BlackTeam "CHN"]
[WhiteClock "0:02:57"]
[BlackClock "0:00:08"]
[Variant "Standard"]

1. e4 {[%clk 0:15:07]}  c5 {[%clk 0:15:07]} 2. Nf3 {[%clk 0:15:10]}  e6 {[%clk 0:15:07]} 3. Nc3 {[%clk 0:15:12]}  a6 {[%clk 0:14:56]} 4. g3 {[%clk 0:15:15]}  b5 {[%clk 0:14:04]} 5. Bg2 {[%clk 0:15:15]}  Bb7 {[%clk 0:14:03]} 6. d4 {[%clk 0:15:09]}  cxd4 {[%clk 0:13:31]} 7. Nxd4 {[%clk 0:15:12]}  Nc6 {[%clk 0:13:07]} 8. O-O {[%clk 0:12:55]}  Bc5 {[%clk 0:10:59]} 9. Nb3 {[%clk 0:13:51]}  Ba7 {[%clk 0:10:30]} 10. Bf4 {[%clk 0:13:30]}  e5 {[%clk 0:09:31]} 11. Bc1 {[%clk 0:13:21]}  Nf6 {[%clk 0:09:21]} 12. Bg5 {[%clk 0:12:00]}  h6 {[%clk 0:08:55]} 13. Bxf6 {[%clk 0:11:56]}  Qxf6 {[%clk 0:08:56]} 14. Nd5 {[%clk 0:11:59]}  Qd8 {[%clk 0:08:44]} 15. Qg4 {[%clk 0:12:02]}  O-O {[%clk 0:08:29]} 16. c3 {[%clk 0:11:47]}  d6 {[%clk 0:08:19]} 17. Rad1 {[%clk 0:11:41]}  Bc8 {[%clk 0:07:49]} 18. Qe2 {[%clk 0:10:47]}  Be6 {[%clk 0:07:44]} 19. h3 {[%clk 0:09:45]}  Ne7 {[%clk 0:06:54]} 20. Kh2 {[%clk 0:09:25]}  Nxd5 {[%clk 0:05:44]} 21. exd5 {[%clk 0:09:29]}  Bd7 {[%clk 0:05:46]} 22. f4 {[%clk 0:09:05]}  Re8 {[%clk 0:05:01]} 23. f5 {[%clk 0:08:23]}  f6 {[%clk 0:03:47]} 24. Nd2 {[%clk 0:08:09]}  Rf8 {[%clk 0:03:22]} 25. Ne4 {[%clk 0:08:10]}  Be8 {[%clk 0:02:47]} 26. Qg4 {[%clk 0:07:35]}  Rc8 {[%clk 0:02:11]} 27. b3 {[%clk 0:07:17]}  a5 {[%clk 0:02:27]} 28. Bf3 {[%clk 0:05:38]}  Kh8 {[%clk 0:01:26]} 29. Qh4 {[%clk 0:06:39]}  a4 {[%clk 0:01:01]} 30. b4 {[%clk 0:06:13]}  Rc7 {[%clk 0:00:22]} 31. Be2 {[%clk 0:06:06]}  Rb7 {[%clk 0:00:13]} 32. Rf3 {[%clk 0:06:00]}  Bf7 {[%clk 0:00:08]} 33. g4 {[%clk 0:05:51]}  Kg8 {[%clk 0:00:08]} 34. Qg3 {[%clk 0:05:49]}  Be8 {[%clk 0:00:07]} 35. h4 {[%clk 0:05:26]}  Rc7 {[%clk 0:00:11]} 36. Kg2 {[%clk 0:05:19]}  Kf7 {[%clk 0:00:07]} 37. g5 {[%clk 0:05:07]}  Ke7 {[%clk 0:00:10]} 38. gxf6+ {[%clk 0:05:04]}  gxf6 {[%clk 0:00:14]} 39. Qg7+ {[%clk 0:05:03]}  Rf7 {[%clk 0:00:18]} 40. Qxh6 {[%clk 0:05:05]}  Bd7 {[%clk 0:00:13]} 41. Rdf1 {[%clk 0:04:36]}  Rc8 {[%clk 0:00:08]} 42. Rg3 {[%clk 0:04:30]}  Qh8 {[%clk 0:00:07]} 43. Qxh8 {[%clk 0:04:23]}  Rxh8 {[%clk 0:00:11]} 44. h5 {[%clk 0:04:24]}  Be8 {[%clk 0:00:14]} 45. Rh1 {[%clk 0:04:13]}  Rfh7 {[%clk 0:00:18]} 46. h6 {[%clk 0:03:48]}  Bf7 {[%clk 0:00:14]} 47. Rg7 {[%clk 0:03:49]}  Rxg7+ {[%clk 0:00:17]} 48. hxg7 {[%clk 0:03:53]}  Rg8 {[%clk 0:00:21]} 49. Rh7 {[%clk 0:03:34]}  Bxd5 {[%clk 0:00:21]} 50. Kf3 {[%clk 0:03:32]}  Bxa2 {[%clk 0:00:18]} 51. Bxb5 {[%clk 0:03:36]}  a3 {[%clk 0:00:08]} 52. Rh8 {[%clk 0:02:56]}  Rxg7 {[%clk 0:00:06]} 53. Re8+ {[%clk 0:02:54]}  Kf7 {[%clk 0:00:08]} 54. Nxd6# {[%clk 0:02:57]} 1-0